<?xml version="1.0" encoding="UTF-8"?>
<record
    xmlns:xsi="http://www.w3.org/2001/XMLSchema-instance"
    xsi:schemaLocation="http://www.loc.gov/MARC21/slim http://www.loc.gov/standards/marcxml/schema/MARC21slim.xsd"
    xmlns="http://www.loc.gov/MARC21/slim">

  <leader>00990nam a22002892a 4500</leader>
  <controlfield tag="001">35241</controlfield>
  <controlfield tag="003">BD-RjUL</controlfield>
  <controlfield tag="005">20211209052302.0</controlfield>
  <controlfield tag="008">140522s1947    ii a          001 0 eng d</controlfield>
  <datafield tag="035" ind1=" " ind2=" ">
    <subfield code="a">(BD-RjUL)35335</subfield>
  </datafield>
  <datafield tag="040" ind1=" " ind2=" ">
    <subfield code="a">WOO</subfield>
    <subfield code="d">EQO</subfield>
    <subfield code="d">BD-RjUL</subfield>
    <subfield code="b">eng</subfield>
    <subfield code="c">BD-RjUL</subfield>
  </datafield>
  <datafield tag="041" ind1=" " ind2=" ">
    <subfield code="a">eng</subfield>
  </datafield>
  <datafield tag="082" ind1="0" ind2="0">
    <subfield code="a">333</subfield>
    <subfield code="b">DAP 1947</subfield>
  </datafield>
  <datafield tag="100" ind1="1" ind2=" ">
    <subfield code="a">Darling, Malcolm Lyall,</subfield>
    <subfield code="d">1880-1964.</subfield>
    <subfield code="9">107370</subfield>
  </datafield>
  <datafield tag="245" ind1="1" ind2="4">
    <subfield code="a">The Punjab peasant in prosperity and debt /</subfield>
    <subfield code="c">With a foreword by Sir Edward Maclagan</subfield>
  </datafield>
  <datafield tag="250" ind1=" " ind2=" ">
    <subfield code="a">4th ed</subfield>
  </datafield>
  <datafield tag="260" ind1=" " ind2=" ">
    <subfield code="a">Bombay :</subfield>
    <subfield code="b">Indian Branch, Oxford Univ. Press,</subfield>
    <subfield code="c">1947.</subfield>
  </datafield>
  <datafield tag="300" ind1=" " ind2=" ">
    <subfield code="a">xxxii, 277 p. :</subfield>
    <subfield code="b">plates, fold. maps. ;</subfield>
    <subfield code="c">22 cm</subfield>
  </datafield>
  <datafield tag="500" ind1=" " ind2=" ">
    <subfield code="a">"List of authorities" p. [265]-267</subfield>
  </datafield>
  <datafield tag="650" ind1=" " ind2="0">
    <subfield code="a">Land tenure Punjab</subfield>
    <subfield code="z">Punjab</subfield>
    <subfield code="9">107371</subfield>
  </datafield>
  <datafield tag="650" ind1=" " ind2="0">
    <subfield code="a">Peasants</subfield>
    <subfield code="z">India</subfield>
    <subfield code="z">Punjab</subfield>
    <subfield code="9">107372</subfield>
  </datafield>
  <datafield tag="650" ind1=" " ind2="0">
    <subfield code="a">Interest</subfield>
    <subfield code="z">India</subfield>
    <subfield code="z">Punjab</subfield>
    <subfield code="9">107373</subfield>
  </datafield>
  <datafield tag="650" ind1=" " ind2="0">
    <subfield code="a">Agricultural credit</subfield>
    <subfield code="z">India</subfield>
    <subfield code="z">Punjab</subfield>
    <subfield code="9">107374</subfield>
  </datafield>
  <datafield tag="651" ind1=" " ind2="0">
    <subfield code="a">Punjab</subfield>
    <subfield code="x">Economic conditions</subfield>
    <subfield code="9">107375</subfield>
  </datafield>
  <datafield tag="942" ind1=" " ind2=" ">
    <subfield code="2">ddc</subfield>
    <subfield code="c">BK</subfield>
  </datafield>
  <datafield tag="999" ind1=" " ind2=" ">
    <subfield code="c">35241</subfield>
    <subfield code="d">35241</subfield>
  </datafield>
  <datafield tag="952" ind1=" " ind2=" ">
    <subfield code="0">0</subfield>
    <subfield code="1">0</subfield>
    <subfield code="2">ddc</subfield>
    <subfield code="4">0</subfield>
    <subfield code="7">1</subfield>
    <subfield code="8">NFIC</subfield>
    <subfield code="a">RUCL</subfield>
    <subfield code="b">RUCL</subfield>
    <subfield code="c">Reading</subfield>
    <subfield code="d">1955-08-04</subfield>
    <subfield code="e">O.U.P.</subfield>
    <subfield code="g">13.00</subfield>
    <subfield code="l">0</subfield>
    <subfield code="o">333 DAP 1947</subfield>
    <subfield code="r">2014-05-22 00:00:00</subfield>
    <subfield code="t">C-1</subfield>
    <subfield code="w">2014-05-22</subfield>
    <subfield code="y">BK</subfield>
  </datafield>
</record>
